LEADER 01084nam a2200253 i 4500 001 991003295809707536 005 20021205144539.0 008 020507s1989 us ||| | eng 020 $a0890050589 035 $ab11785330-39ule_inst 035 $aPARLA223822$9ExL 040 $aDip.to Scienze dell'Antichità$bita 100 0 $aIsidorus :$cCharacenus$0530869 245 10$aParthian stations :$ban account of the overland trade route between the Levant and India in the first century b.C. /$cIsidore of Charax ; the greek text with a translation and commentary by Wilfred H. Schoff 260 $aChicago :$bAres,$cMCMLXXXIX (1989) 300 $a46 p. :$bill. ;$c24 cm. 500 $aRist. dell'ed.: London, 1914. 700 1 $aSchoff, Wilfred Harvey 907 $a.b11785330$b02-04-14$c09-12-02 912 $a991003295809707536 945 $aLE007 880.1 Isidorus Characenus 1989-01$g1$i2015000060716$lle007$o-$pE0.00$q-$rl$s- $t0$u0$v0$w0$x0$y.i12032591$z09-12-02 996 $aParthian stations$9906324 997 $aUNISALENTO 998 $ale007$b01-01-02$cm$da $e-$feng$gus $h0$i1